Sociologie du cinéma et de ses publics (notice n° 1568704)
[ vue normale ]
| 000 -LEADER | |
|---|---|
| fixed length control field | 01587cam a2200133 4500500 |
| 005 - DATE AND TIME OF LATEST TRANSACTION | |
| control field | 20251214005204.0 |
| 041 ## - LANGUAGE CODE | |
| Language code of text/sound track or separate title | fre |
| 042 ## - AUTHENTICATION CODE | |
| Authentication code | dc |
| 100 10 - MAIN ENTRY--PERSONAL NAME | |
| Personal name | Ethis, Emmanuel |
| Relator term | author |
| 245 00 - TITLE STATEMENT | |
| Title | Sociologie du cinéma et de ses publics |
| 260 ## - PUBLICATION, DISTRIBUTION, ETC. | |
| Name of publisher, distributor, etc. | Armand Colin,<br/> |
| Date of publication, distribution, etc. | 2018.<br/> |
| 520 ## - SUMMARY, ETC. | |
| Summary, etc. | Le cinéma s’est imposé comme la pratique culturelle la mieux partagée, au point d’investir nos vies : c’est aux films, aux acteurs, aux histoires humaines contées que nous faisons le plus communément référence pour exprimer une part de nous-même. Qu’est-ce qui a permis au cinéma d’occuper cette place ? Comment la « salle de ciné » s’est-elle installée au cœur de la cité avec ses rites et ses codes ? Pourquoi les films nous « parlent » autant et nous aident à comprendre nos vies ? Selon quelles modalités les recevons-nous ? En synthétisant les réponses apportées par la sociologie à ces questions, cet ouvrage est devenu un outil de référence pour la sociologie de la culture, mais également pour les étudiants en cinéma ainsi que l’ensemble des professionnels de ce secteur. La présente édition, actualisée et enrichie, approfondit l’analyse en montrant comment la pratique du cinéma évolue aujourd’hui à la fois vers une relation de plus en plus individualisée entre le cinéma et ses spectateurs tout en continuant à consacrer la salle comme lieu incontournable de fabrique des publics de demain. |
| 856 41 - ELECTRONIC LOCATION AND ACCESS | |
| Uniform Resource Identifier | <a href="https://shs.cairn.info/sociologie-du-cinema-et-de-ses-publics--9782200621117?lang=fr&redirect-ssocas=7080">https://shs.cairn.info/sociologie-du-cinema-et-de-ses-publics--9782200621117?lang=fr&redirect-ssocas=7080</a> |
Pas d'exemplaire disponible.




Réseaux sociaux